00246nam a2200109Ia 4500008004100000100002000041245002900061260000800090260000900098546001200107999001700119170619s9999 xx 000 0 und d aStevens Richard 0aUNIX Network Programming bPHI c2011 aENGLISH c19665d19665